|
|
|
|
| LEADER |
01150pam a22002778a 4500 |
| 001 |
00046046 |
| 005 |
20201130161117.0 |
| 008 |
161111s2013 ||||||Viesd |
| 020 |
# |
# |
|c 25000
|
| 041 |
0 |
# |
|a Vie
|
| 082 |
1 |
4 |
|a 335.423
|b H428V
|
| 100 |
1 |
# |
|a Nguyễn, Mạnh Hưởng
|
| 245 |
1 |
0 |
|a Hỏi và đáp chủ nghĩa xã hội khoa học
|c Nguyễn Mạnh Hưởng, Nguyễn Văn Quang
|b Dùng cho học viên cao học, nghiên cứu sinh và sinh viên các trường đại học, cao đẳng
|
| 250 |
# |
# |
|a Tái bản lần thứ 4
|
| 260 |
# |
# |
|c 2014
|a Hà Nội
|b Chính trị hành chính
|
| 300 |
# |
# |
|a 131 tr.
|c 21 cm
|
| 490 |
# |
# |
|a Tủ sách học tập, nghiên cứu Chủ nghĩa Mác - Lênin, tư tưởng Hồ Chí Minh
|
| 653 |
# |
# |
|a Chủ nghĩa xã hội khoa học
|
| 653 |
# |
# |
|a Giai cấp
|
| 653 |
# |
# |
|a Hỏi Đáp
|
| 653 |
# |
# |
|a Lịch sử
|
| 653 |
# |
# |
|a Sự kiện
|
| 700 |
1 |
# |
|a Nguyễn, Văn Quang
|
| 852 |
# |
# |
|j KM.0034715
|j KD.0027589
|
| 910 |
# |
# |
|d 30/11/2020
|
| 980 |
# |
# |
|a Trung tâm Học liệu Lê Vũ Hùng, Trường Đại học Đồng Tháp
|